A First Year Engineering Drawing (Record no. 1852)

MARC details
005 - DATE AND TIME OF LATEST TRANSACTION
control field 20250625131446.0
020 ## - INTERNATIONAL STANDARD BOOK NUMBER
International Standard Book Number 0 273 40089 4
082 ## - DEWEY DECIMAL CLASSIFICATION NUMBER
Classification number LM 604.2 PAR
100 ## - MAIN ENTRY--PERSONAL NAME
Author name PARKINSON, A. C.
245 ## - TITLE STATEMENT
Title A First Year Engineering Drawing
250 ## - EDITION STATEMENT
Edition statement 6th Ed.
260 ## - PUBLICATION, DISTRIBUTION, ETC.
Place of publication, distribution, etc. London,
Name of publisher, distributor, etc. The English Language Book Society & Pitman Publishing,
Date of publication, distribution, etc. 1964.
300 ## - PHYSICAL DESCRIPTION
Extent x, 190p.: ill.
Other physical details Index.
Dimensions 25cm.
700 ## - ADDED ENTRY--PERSONAL NAME
Other authors/Editors CURRIE, J. H.
942 ## - ADDED ENTRY ELEMENTS (KOHA)
Source of classification or shelving scheme Dewey Decimal Classification
Koha item type Books
Holdings
Date last seen Total checkouts Full call number Barcode Cost, replacement price Price effective from Koha item type Lost status Source of classification or shelving scheme Damaged status Not for loan Withdrawn status Home library Current library Shelving location Date acquired Cost, normal purchase price
04/30/2025   LM 604.2 PAR 0000004351 75000.00 04/30/2025 Books   Dewey Decimal Classification       College of Business Education Main Library College of Business Education Main Library General Collection 04/30/1968 25000.00
04/30/2025   LM 604.2 PAR 0000004352 75000.00 04/30/2025 Books   Dewey Decimal Classification       College of Business Education Main Library College of Business Education Main Library General Collection 04/30/1968 25000.00
04/30/2025   LM 604.2 PAR 0000004353 75000.00 04/30/2025 Books   Dewey Decimal Classification       College of Business Education Main Library College of Business Education Main Library General Collection 04/30/1968 25000.00
04/30/2025   LM 604.2 PAR 0000004354 75000.00 04/30/2025 Books   Dewey Decimal Classification       College of Business Education Main Library College of Business Education Main Library General Collection 04/30/1968 25000.00